000 01229cam a22002773a 4500
001 2791
003 PGUSA
005 20140828083021.0
008 010901s2001||||xxu|||||s|||||000 e eng d
040 _aPGUSA
_beng
042 _adc
050 4 _aPR
100 1 _aAddison, Joseph,
_d1672-1719
245 1 0 _aEssays and Tales
_h[electronic resource] /
_cJoseph Addison
260 _bProject Gutenberg,
_c2001
505 0 _aIntroduction -- Public credit -- Household superstitions -- Opera lions -- Women and wives -- The Italian opera -- Lampoons -- True and false humour -- Sa Ga Yean Qua Rash Tow's impressions of London -- Vision of Marraton -- Six papers on wit -- Friendship -- Chevy-Chase (two papers) -- Dream of the painters -- Spare time (two papers) -- Censure -- The English language -- The Vision of Mirza -- Genius -- Theodosius and Constantia -- Good nature -- A grinning match -- Trust in God.
506 _aPublic domain in the USA.
516 _aElectronic text
653 _aFiction
653 _aEnglish essays -- 18th century
653 _aShort stories
700 1 _aMorley, Henry,
_d1822-1894
830 0 _aProject Gutenberg
_v2791
856 4 0 _uhttp://www.gutenberg.org/ebooks/2791
942 _cEB
999 _c232123
_d232123